Statystyki dla Państwa z największą liczbą zgonów w wyniku wojen

Kliknij tutaj aby rozwiązać quiz!

Ogólne statystyki

  • Ten quiz został rozwiązany 159 razy
  • Średni wynik to 7 z 12

Statystyki odpowiedzi

#Państwo% Poprawnych
92,000Irak
92%
250,000Syria
88%
180,000Afganistan
80%
10,000Ukraina
77%
13,000Pakistan
60%
26,000Somalia
54%
13,000Sudan
53%
49,000Jemen
51%
12,000Libia
48%
33,000Nigeria
45%
62,000Sudan Południowy
44%
170,000Meksyk
42%

Rozkład punktacji

Percentyl według liczby udzielonych odpowiedzi

Procent ludzi z każdym wynikiem

Twoja historia wyników

Nie rozwiązałeś tego quizu